<?xml version="1.0" encoding="UTF-8"?>
<record
    xmlns:xsi="http://www.w3.org/2001/XMLSchema-instance"
    xsi:schemaLocation="http://www.loc.gov/MARC21/slim http://www.loc.gov/standards/marcxml/schema/MARC21slim.xsd"
    xmlns="http://www.loc.gov/MARC21/slim">

  <leader>00677nam a2200205 i 4500</leader>
  <controlfield tag="001">32575</controlfield>
  <controlfield tag="003">ES-MaACL</controlfield>
  <controlfield tag="005">20250815082224.0</controlfield>
  <controlfield tag="007">t|</controlfield>
  <controlfield tag="008">030131s1953    sp           |||| | spa d</controlfield>
  <datafield tag="100" ind1="1" ind2=" ">
    <subfield code="a">Bern&#xE1;cer, Germ&#xE1;n (</subfield>
    <subfield code="d">1883-1965)</subfield>
    <subfield code="9">28166</subfield>
  </datafield>
  <datafield tag="245" ind1="1" ind2="3">
    <subfield code="a">La doctrina del gran espacio econ&#xF3;mico / </subfield>
    <subfield code="c">Germ&#xE1;n Bern&#xE1;cer.</subfield>
  </datafield>
  <datafield tag="260" ind1=" " ind2=" ">
    <subfield code="a">Madrid : </subfield>
    <subfield code="b">Aguilar, </subfield>
    <subfield code="c">[1953] (</subfield>
    <subfield code="f">Yag&#xFC;es)</subfield>
  </datafield>
  <datafield tag="300" ind1=" " ind2=" ">
    <subfield code="a">XXXVII, 192 p. ; </subfield>
    <subfield code="c">19 cm.</subfield>
  </datafield>
  <datafield tag="490" ind1="1" ind2=" ">
    <subfield code="a">Biblioteca de ciencias sociales</subfield>
  </datafield>
  <datafield tag="651" ind1=" " ind2="4">
    <subfield code="a">Europa-</subfield>
    <subfield code="x">Situaci&#xF3;n econ&#xF3;mica-</subfield>
    <subfield code="y">S.XX.</subfield>
    <subfield code="9">167722</subfield>
  </datafield>
  <datafield tag="830" ind1="0" ind2="0">
    <subfield code="a">Biblioteca de ciencias sociales (Aguilar) </subfield>
    <subfield code="9">220462</subfield>
  </datafield>
  <datafield tag="852" ind1=" " ind2=" ">
    <subfield code="a">ES-MaACL</subfield>
    <subfield code="j">C-6273</subfield>
  </datafield>
  <datafield tag="999" ind1=" " ind2=" ">
    <subfield code="c">32575</subfield>
    <subfield code="d">32575</subfield>
  </datafield>
  <datafield tag="952" ind1=" " ind2=" ">
    <subfield code="0">0</subfield>
    <subfield code="1">0</subfield>
    <subfield code="4">0</subfield>
    <subfield code="7">0</subfield>
    <subfield code="a">ATENEOM</subfield>
    <subfield code="b">ATENEOM</subfield>
    <subfield code="c">SPAL</subfield>
    <subfield code="d">2008-01-17</subfield>
    <subfield code="e">SC</subfield>
    <subfield code="l">0</subfield>
    <subfield code="o">C-6273</subfield>
    <subfield code="p">1033770</subfield>
    <subfield code="r">2023-02-23 00:00:00</subfield>
    <subfield code="w">2023-02-23</subfield>
    <subfield code="y">MONOGRAFIA</subfield>
  </datafield>
</record>
